Eastern Utah Libraries Catalog: Duchesne, Heber, Roosevelt, & Vernal

Sweet nightmare / (Record no. 397638)

MARC details
000 -LEADER
fixed length control field 02225nam a2200529 i 4500
001 - CONTROL NUMBER
control field 3441742
005 - DATE AND TIME OF LATEST TRANSACTION
control field 20240614171549.0
008 - FIXED-LENGTH DATA ELEMENTS--GENERAL INFORMATION
fixed length control field 240423s2024 pau d 000 1 eng d
020 ## - INTERNATIONAL STANDARD BOOK NUMBER
International Standard Book Number 9781649377067 :
Terms of availability $21.99
020 ## - INTERNATIONAL STANDARD BOOK NUMBER
International Standard Book Number 1649377061 :
Terms of availability $21.99
020 ## - INTERNATIONAL STANDARD BOOK NUMBER
Cancelled/invalid ISBN 9781649377029
035 ## - SYSTEM CONTROL NUMBER
System control number (OCoLC)1431181312
035 ## - SYSTEM CONTROL NUMBER
System control number (OCoLC)on1431181312
040 ## - CATALOGING SOURCE
Original cataloging agency PABRO
Language of cataloging eng
Description conventions rda
Transcribing agency PABRO
050 #4 - LIBRARY OF CONGRESS CALL NUMBER
Classification number PZ7.1.W6295
Item number Swe 2024
082 04 - DEWEY DECIMAL CLASSIFICATION NUMBER
Classification number [Fic]
Edition number 23
092 ## - LOCALLY ASSIGNED DEWEY CALL NUMBER (OCLC)
Classification number young adult fiction
Item number Wolff
100 1# - MAIN ENTRY--PERSONAL NAME
Personal name Wolff, Tracy,
Relator term author.
9 (RLIN) 6363210
245 10 - TITLE STATEMENT
Title Sweet nightmare /
Statement of responsibility, etc Tracy Wolff.
250 ## - EDITION STATEMENT
Edition statement First edition.
264 #1 - Production, Publication, Distribution, Manufacture, and Copyright Notice.
Place of production, publication, distribution, manufacture Shrewsbury, PA :
Name of producer, publisher, distributor, manufacturer Entangled Publishing, LLC,
Date of production, publication, distribution, manufacture, or copyr 2024.
300 ## - PHYSICAL DESCRIPTION
Extent 474 pages ;
Dimensions 24 cm.
336 ## - Content Type
Content type term text
337 ## - Media type
Media type term unmediated
338 ## - Carrier type
Carrier type term volume
490 0# - SERIES STATEMENT
Series statement The Calder Academy series
520 ## - SUMMARY, ETC.
Summary, etc Most schools are about being the best. This school? It's about being the worst. Calder Academy is where the rogue paranormals go. The ones who break the rules or lose control. And when that happens for vamps, werewolves, witches, and dark fae? It gets pretty freaking scary. I should know. Because I'm trapped here...
521 1# - TARGET AUDIENCE NOTE
Target audience note 14-19
Source Brodart.
521 2# - TARGET AUDIENCE NOTE
Target audience note 9-12
Source Brodart.
650 #0 - SUBJECT ADDED ENTRY--TOPICAL TERM
Topical term or geographic name as entry element Boarding schools
Form subdivision Juvenile fiction.
9 (RLIN) 5680819
650 #1 - SUBJECT ADDED ENTRY--TOPICAL TERM
Topical term or geographic name as entry element Horror stories.
650 #1 - SUBJECT ADDED ENTRY--TOPICAL TERM
Topical term or geographic name as entry element Boarding schools
Form subdivision Fiction.
9 (RLIN) 5687815
650 #1 - SUBJECT ADDED ENTRY--TOPICAL TERM
Topical term or geographic name as entry element Supernatural
Form subdivision Fiction.
9 (RLIN) 5674229
650 #7 - SUBJECT ADDED ENTRY--TOPICAL TERM
Topical term or geographic name as entry element YOUNG ADULT FICTION / Paranormal, Occult & Supernatural.
Source of heading or term bisacsh
9 (RLIN) 5737002
650 #7 - SUBJECT ADDED ENTRY--TOPICAL TERM
Topical term or geographic name as entry element YOUNG ADULT FICTION / Horror.
Source of heading or term bisacsh
9 (RLIN) 5744752
650 #7 - SUBJECT ADDED ENTRY--TOPICAL TERM
Topical term or geographic name as entry element YOUNG ADULT FICTION / Loners & Outcasts.
Source of heading or term bisacsh
9 (RLIN) 5776568
655 #0 - INDEX TERM--GENRE/FORM
Genre/form data or focus term Horror tales.
655 #7 - INDEX TERM--GENRE/FORM
Genre/form data or focus term Horror fiction.
Source of term lcgft
655 #7 - INDEX TERM--GENRE/FORM
Genre/form data or focus term Horror fiction.
Source of term gsafd
655 #7 - INDEX TERM--GENRE/FORM
Genre/form data or focus term Paranormal fiction.
Source of term gsafd
9 (RLIN) 5674233
942 ## - ADDED ENTRY ELEMENTS (KOHA)
Source of classification or shelving scheme Dewey Decimal Classification
Koha item type BOOK
Holdings
Withdrawn status Lost status Source of classification or shelving scheme Damaged status Not for loan Collection code Home library Current library Shelving location Date acquired Source of acquisition Serial Enumeration / chronology Total Checkouts Total Renewals Full call number Barcode Date last seen Date checked out Cost, replacement price Price effective from Koha item type
    Dewey Decimal Classification     Young Adult Fiction Wasatch County Library Wasatch County Library Main Floor Teen Area 06/14/2024 Micromarketing #1 Calder Academy 6 6 YA Wolff 34301002120170 11/20/2025 10/16/2025 21.99 06/14/2024 BOOK
This project was made possible through a grant from the Institute of Museum and Library Service administered by the Utah State Library Division.

Wasatch County Library

  • 465 East 1200 South, Heber City, Utah 84032
  • Phone 435-654-1511 | Fax 435-654-6456

Hours

  • Monday - Friday 9:30 AM - 8:00 PM
  • Saturday 9:30 AM - 1:30 PM
  • Closed Sundays and Holidays